Score 0/18 Timer 05:00
0 Plays Today
Hint #1 Answer #1 - #2 % Correct
Ice cream container CONE - SAID
74.4%
Female equivalent of British knightDAME - RICE
73.9%
Military bedsCOTS - WAND
73.2%
Indian garmentSARI - NAPE
71.1%
Dull personBORE - WAKE
69.9%
웃 Dutch-speaking South American country 웃♢ SURI - NAME ♢
68.6%
CertainSURE - LAME
68.4%
Curved roofDOME - NICE
65.8%
Dupes or hoodwinksCONS - SAND
65.8%
Hint #1 Answer #1 - #2 % Correct
Painful or irritatedSORE - LAKE
63.8%
웃 Asian country famous for Genghis Khan 웃♢ MONG - OLIA ♢
63.7%
IdenticalSAME - RIPE
63.3%
웃 Caribbean island country 웃♢ DOMI - NICA ♢
61%
Isolated or solitaryLONE - SLID
60.7%
웃 Landlocked Southern African country 웃♢ BOTS - WANA ♢
58.6%
Indigenous Scandinavian peopleSAMI - RAPE
52.9%
Compensation for an injuryBOTE - WAKA
43.6%
Island east of ManhattanLONG - OLID
43.2%

Today's Daily Dose

Quick Pick
Seven Wonders

Get the Picture
Big 4 'L' All-Stars

Remove Ads.
Support Sporcle.
Get the best of Sporcle when you Go Orange. This ad-free experience offers more features, more stats, and more fun while also helping to support Sporcle. Thank you for becoming a member.

You're not logged in!

Compare scores with friends on all Sporcle quizzes.
OR
Log In

Sporcle TV

Today on Sporcle TV


Watch our educational content, quiz creation guides, and fun videos on Sporcle TV.

Show Comments

Extras

Top Quizzes Today


Score Distribution

Paid Content

Your Account Isn't Verified!

In order to create a playlist on Sporcle, you need to verify the email address you used during registration. Go to your Sporcle Settings to finish the process.

Report this User

Report this user for behavior that violates our Community Guidelines.

Details: